00282nam a22001217a 4500003000400000082001800004100001000022245004200032260004400074300000800118650001700126653001700143SGT a617.643bB21S aSuman aBioprogressive therapy historical.... aGurugram, HaryanabSGT Universityc2021 a180 aOrthodontics aOrthodontics